| 000 | 00774cam a2200217 4500 | ||
|---|---|---|---|
| 001 | WB364035 | ||
| 008 | 000000n2000 000 0 eng u | ||
| 035 | _a(Sirsi) u108761 | ||
| 245 | _aFarms get money for development | ||
| 260 | _c2000 | ||
| 490 |
_aFinancial Times _v3 October 2000, 7(1) |
||
| 520 | _aGovernment is urging farmers to take advantage of grants designed to move them away from intensive food production into wider rural development. Outline agreement has been reached with the EC on grants worth £1.6bn over the next seven years. | ||
| 590 | _aWB | ||
| 650 | _aGRANTS | ||
| 650 | _aRURAL DEVELOPMENT | ||
| 650 | _aINTENSIVE FARMING | ||
| 650 | _aDIVERSIFICATION | ||
| 650 | _aFUNDING | ||
| 690 | _aRURAL-FARM BUSINESS MANAGEMENT | ||
| 942 | _n0 | ||
| 999 |
_c64930 _d64930 |
||